| 000 | 00000nam##2200000za#4500 |
| 001 | 9.601863 |
| 003 | CaOODSP |
| 005 | 20210624210259 |
| 007 | cr ||||||||||| |
| 008 | 150406|1995||||xxc|||||o f|0| 0 fre|d |
| 040 | |aCaOODSP|bfre |
| 043 | |an-cn--- |
| 086 | 1 |aEn1-17/19-1995F-PDF |
| 110 | 1 |aCanada.|bEnvironnement Canada. |bSection Développement technologique. |
| 245 | 10|aOutil novateur. Le système POSITAG 2 : |h[ressource électronique]|bun capteur GPS/SIG |
| 260 | |aMontréal - Québec : |bEnvironnement Canada. |cMars 1995. |
| 300 | |a4p.|bfigure, photographies |
| 490 | 1 |aTechnologies Saint-Laurent |
| 590 | |a12-02-Supp|b2012-01-20 |
| 691 | 07|aSystème de positionnement par satellite GPS|2gcpds |
| 775 | 08|tInnovative tool. The POSITAG 2 system : |w(CaOODSP)9.571242 |
| 776 | 0#|tOutil novateur: le système POSITAG 2 : |w(CaOODSP)9.623454 |
| 830 | #0|aTechnologies Saint-Laurent.|w(CaOODSP)9.500861 |
| 856 | 40|ahttp://publications.gc.ca|qPDF|s474 Ko|uhttps://publications.gc.ca/collections/Collection/En1-17-19-1995F.pdf |